The life and works of Hakim Auhad-ud-Din Anwari, (Record no. 81487)
[ view plain ]
| 000 -LEADER | |
|---|---|
| fixed length control field | 00806cam a22002531 4500 |
| 001 - CONTROL NUMBER | |
| control field | sa 68006733 |
| 003 - CONTROL NUMBER IDENTIFIER | |
| control field | DLC |
| 005 - DATE AND TIME OF LATEST TRANSACTION | |
| control field | 20260227112518.0 |
| 008 - FIXED-LENGTH DATA ELEMENTS--GENERAL INFORMATION | |
| fixed length control field | 711108s1967 pk b 000 0beng |
| 010 ## - LIBRARY OF CONGRESS CONTROL NUMBER | |
| LC control number | sa 68006733 |
| 025 ## - OVERSEAS ACQUISITION NUMBER | |
| Overseas acquisition number | PL480:P-E-1242 |
| 040 ## - CATALOGING SOURCE | |
| Original cataloging agency | DLC |
| Transcribing agency | DLC |
| Modifying agency | DLC |
| 050 00 - LIBRARY OF CONGRESS CALL NUMBER | |
| Classification number | PK6451.A62 |
| Item number | Z8 |
| 082 00 - DEWEY DECIMAL CLASSIFICATION NUMBER | |
| Classification number | 891.5/5/11 |
| -- | B |
| 100 1# - MAIN ENTRY--PERSONAL NAME | |
| Personal name | Nasim, K. B. |
| 245 14 - TITLE STATEMENT | |
| Title | The life and works of Hakim Auhad-ud-Din Anwari, |
| Statement of responsibility, etc. | by K. B. Nasim. |
| 260 ## - PUBLICATION, DISTRIBUTION, ETC. | |
| Place of publication, distribution, etc. | Lahore, |
| Name of publisher, distributor, etc. | University of the Punjab |
| Date of publication, distribution, etc. | [1967] |
| 300 ## - PHYSICAL DESCRIPTION | |
| Extent | 376 p. |
| Dimensions | 25 cm. |
| 350 ## - PRICE (NR) (BK AM CF MU VM SE) [OBSOLETE] | |
| Price | Rs12.00 |
| 500 ## - GENERAL NOTE | |
| General note | Includes quotations in Persian. |
| 500 ## - GENERAL NOTE | |
| General note | "Thesis submitted and approved for the degree of Ph.D. at the University of Manchester." |
| 504 ## - BIBLIOGRAPHY, ETC. NOTE | |
| Bibliography, etc. note | Bibliography: p. 347-359. |
| 600 10 - SUBJECT ADDED ENTRY--PERSONAL NAME | |
| Personal name | Anvarī, Awḥad al-Dīn, |
| Dates associated with a name | -1189 or 1190. |
No items available.